00687nam a2200241 a 4500001001300000003000900013005001700022008004100039020001100080082001600091100002000107245004100127260003000168300000900198500003500207505001700242650001800259700002000277902000800297942000700305952011800312999001500430nice12345678IN_TiNIC20260116011607.0050524s1963 lona grp 000 0 eng  ac140700a953.33bING aIngrams, Harold aYemenb Imams Rulers and Revolutions aLondonbJohn Murrayc1963 a164p aincludes index and biblioraphy2 aIllus, Index aYemen-History1 aIngrams, Harold bSRS cBK 001040708StackRoom-aHMIbHMId2005-05-24g1407.00l0o953.33 INGp02653r2005-05-24v1407.00w2005-05-24yBK c2802d2802